Service-ability create a customer centric culture and gain competitive advantage /

Bibliographic Details
Main Author: Robson, Kevin.
Corporate Author: ProQuest (Firm)
Format: Electronic eBook
Language:English
Published: Chichester : Wiley, 2013.
Subjects:
Online Access:Click to View
LEADER 01189nam a2200325 a 4500
001 EBC1073736
003 MiAaPQ
005 20200520144314.0
006 m o d |
007 cr cn|||||||||
008 121211s2013 enk s 001 0 eng d
020 |z 9781118345566 (hardback) 
020 |a 9781118457870 (electronic bk.) 
035 |a (MiAaPQ)EBC1073736 
035 |a (Au-PeEL)EBL1073736 
035 |a (CaPaEBR)ebr10630565 
035 |a (CaONFJC)MIL414770 
035 |a (OCoLC)818851659 
040 |a MiAaPQ  |c MiAaPQ  |d MiAaPQ 
050 4 |a HF5415.5  |b .R63 2013 
100 1 |a Robson, Kevin. 
245 1 0 |a Service-ability  |h [electronic resource] :  |b create a customer centric culture and gain competitive advantage /  |c Kevin Robson. 
260 |a Chichester :  |b Wiley,  |c 2013. 
300 |a xvi, 261 p. 
500 |a Includes index. 
533 |a Electronic reproduction. Ann Arbor, MI : ProQuest, 2015. Available via World Wide Web. Access may be limited to ProQuest affiliated libraries. 
650 0 |a Customer services. 
655 4 |a Electronic books. 
710 2 |a ProQuest (Firm) 
856 4 0 |u https://ebookcentral.proquest.com/lib/matrademy/detail.action?docID=1073736  |z Click to View